[Event "Karl Mala Memorial op 11th"]
[Site "Frankfurt"]
[Date "2008.06.29"]
[Round "6"]
[White "Grzeca, Pascal"]
[Black "Kreiling, Carsten"]
[Result "1-0"]
[WhiteElo "1851"]
[BlackElo "2122"]
[PlyCount "65"]
[EventDate "2008.06.26"]
[EventType "swiss"]
[EventRounds "7"]
[EventCountry "GER"]
[SourceTitle "CBM 125 Extra"]
[Source "ChessBase"]
[SourceDate "2008.09.01"]
[SourceVersion "1"]
[SourceVersionDate "2008.09.01"]
[SourceQuality "1"]

1. e4 c5 2. Nf3 d6 3. d4 cxd4 4. Nxd4 Nf6 5. Nc3 g6 6. Be3 Bg7 7. f3 0-0 8. Qd2 Nc6 9. Bc4 Bd7 10. 0-0-0 Qa5 11. h4 Rfc8 12. Bb3 Ne5 13. Kb1 b5 14. Bg5 Nc4 15. Bxc4 bxc4 16. Bxf6 Bxf6 17. Nd5 Qxd2 18. Nxf6+ Kg7 19. Nh5+ Kh6 20. Rxd2 c3 21. Rd3 Kxh5 22. Rxc3 Rxc3 23. bxc3 Rc8 24. Ne2 f5 25. exf5 gxf5 26. Kc1 e5 27. Kd2 f4 28. Rb1 Rc7 29. g3 Be6 30. gxf4 Bxa2 31. Rg1 exf4 32. Nxf4+ Kxh4 33. Rg4# 1-0

[Event "Karl Mala Memorial op 11th"]
[Site "Frankfurt"]
[Date "2008.06.26"]
[Round "1"]
[White "Kritz, Leonid"]
[Black "Grzeca, Pascal"]
[Result "0-1"]
[WhiteElo "2592"]
[BlackElo "1851"]
[PlyCount "106"]
[EventDate "2008.06.26"]
[EventType "swiss"]
[EventRounds "7"]
[EventCountry "GER"]
[SourceTitle "CBM 125 Extra"]
[Source "ChessBase"]
[SourceDate "2008.09.01"]
[SourceVersion "1"]
[SourceVersionDate "2008.09.01"]
[SourceQuality "1"]

1. e4 e5 2. Nf3 Nc6 3. Bb5 a6 4. Ba4 Nf6 5. 0-0 d6 6. Bxc6+ bxc6 7. d4 exd4 8. Nxd4 c5 9. Nf5 Nxe4 10. Qd5 Bxf5 11. Qxf5 Nf6 12. Bh6 Qd7 13. Qf3 Rb8 14. Re1+ Kd8 15. h3 Rg8 16. Nc3 Be7 17. Bg5 h6 18. Bh4 g5 19. Bg3 h5 20. Re3 g4 21. Qf4 gxh3 22. Rae1 hxg2 23. Rxe7 Qh3 24. Qh4 Qh1+ 25. Qxh1 gxh1Q+ 26. Kxh1 h4 27. Bxh4 Rh8 28. Kg2 Rxh4 29. Nd5 Nxd5 30. Re8+ Kd7 31. Rxb8 Nb4 32. c3 Nd3 33. Re3 c4 34. Kg3 Rh5 35. f4 Rf5 36. Rf3 Kc6 37. Kg4 Ra5 38. b3 d5 39. bxc4 dxc4 40. Rh3 Nf2+ 41. Kg3 Nxh3 42. Kxh3 Rxa2 43. Rb4 Kd5 44. Rb7 Ra3 45. Rxc7 Rxc3+ 46. Kg4 Rc1 47. Kf5 c3 48. Rxf7 c2 49. Rd7+ Kc6 50. Rd2 a5 51. Re2 a4 52. Ke4 a3 53. Kd3 a2 0-1

[Event "GER-ch U12"]
[Site "Willingen"]
[Date "2007.05.28"]
[Round "5"]
[White "Mueller, Alexandra"]
[Black "Grzeca, Pascal"]
[Result "0-1"]
[WhiteElo "1375"]
[BlackElo "1642"]
[PlyCount "120"]
[EventDate "2007.05.26"]
[EventType "swiss"]
[EventRounds "11"]
[EventCountry "GER"]
[SourceTitle "CBM 118 Extra"]
[Source "ChessBase"]
[SourceDate "2007.07.04"]
[SourceVersion "1"]
[SourceVersionDate "2007.07.04"]
[SourceQuality "1"]

1. e4 c5 2. Nf3 d6 3. d4 cxd4 4. Nxd4 Nf6 5. Nc3 g6 6. Be2 Bg7 7. Be3 0-0 8. 0-0 Nc6 9. Qd2 Bd7 10. Rad1 Rc8 11. Qc1 Na5 12. f3 a6 13. Bd3 Nc4 14. Bf2 b5 15. Nce2 Qc7 16. Nb3 e6 17. c3 d5 18. exd5 Nxd5 19. Be4 Bc6 20. h3 Rfd8 21. Rfe1 b4 22. cxb4 Nxb2 23. Bxd5 Nxd1 24. Rxd1 Rxd5 25. Rxd5 Bxd5 26. Qxc7 Rxc7 27. Bc5 Bxb3 28. axb3 Bf8 29. Bxf8 Kxf8 30. Kf2 Ke7 31. Ke3 Rb7 32. Nd4 e5 33. Nc2 Ke6 34. g3 a5 35. Kd3 axb4 36. Ne3 f5 37. Nc4 Rd7+ 38. Ke3 Rd1 39. Ke2 Rc1 40. Nd2 Kd5 41. h4 Rc2 42. Kd1 Rxd2+ 43. Kxd2 Kd4 44. g4 fxg4 45. fxg4 e4 46. g5 e3+ 47. Ke2 Ke4 48. Ke1 Kd3 49. Kd1 Kc3 50. Ke2 Kxb3 51. Kxe3 Kc3 52. Kf4 b3 53. Ke5 b2 54. Kf6 b1Q 55. Kg7 Kd4 56. Kxh7 Ke5 57. Kh6 Ke6 58. Kh7 Kf7 59. Kh6 Qh1 60. Kh7 Qxh4# 0-1

[Event "GER-ch U12"]
[Site "Willingen"]
[Date "2007.05.28"]
[Round "3"]
[White "Titgemeyer, Sven"]
[Black "Grzeca, Pascal"]
[Result "1-0"]
[WhiteElo "1731"]
[BlackElo "1642"]
[PlyCount "35"]
[EventDate "2007.05.26"]
[EventType "swiss"]
[EventRounds "11"]
[EventCountry "GER"]
[SourceTitle "CBM 118 Extra"]
[Source "ChessBase"]
[SourceDate "2007.07.04"]
[SourceVersion "1"]
[SourceVersionDate "2007.07.04"]
[SourceQuality "1"]

1. e4 c5 2. Nf3 d6 3. d4 cxd4 4. Nxd4 Nf6 5. Nc3 g6 6. Be2 Bg7 7. Be3 0-0 8. 0-0 Nc6 9. f4 Qb6 10. Qd3 Ng4 11. Nd5 Qd8 12. Bxg4 Bxg4 13. f5 Bxd4 14. Bxd4 Be2 15. Qxe2 Nxd4 16. Qd2 Nc6 17. Qh6 Kh8 18. f6 1-0

[Event "GER-ch U12"]
[Site "Willingen"]
[Date "2006.06.06"]
[Round "6"]
[White "Grzeca, Pascal"]
[Black "Schreiner, Till"]
[Result "1-0"]
[WhiteElo "1359"]
[BlackElo "1499"]
[PlyCount "107"]
[EventDate "2006.06.03"]
[EventType "swiss"]
[EventRounds "11"]
[EventCountry "GER"]
[SourceTitle "EXT 2007"]
[Source "ChessBase"]
[SourceDate "2006.11.23"]
[SourceVersion "1"]
[SourceVersionDate "2006.11.23"]
[SourceQuality "1"]

1. e4 c5 2. Nf3 d6 3. d4 cxd4 4. Nxd4 Nf6 5. Nc3 a6 6. Be3 e5 7. Nb3 Be6 8. Bd3 Be7 9. 0-0 0-0 10. f4 Qc7 11. f5 Bc4 12. Rf3 Nbd7 13. Rg3 Kh8 14. Bxc4 Qxc4 15. Nd2 Qc6 16. Rh3 d5 17. exd5 Nxd5 18. Nxd5 Qxd5 19. Nf3 Qxd1+ 20. Rxd1 Rfd8 21. Ng5 Bxg5 22. Bxg5 f6 23. Rhd3 fxg5 24. Rxd7 Rxd7 25. Rxd7 Kg8 26. Kf2 Rf8 27. Rxb7 Rxf5+ 28. Ke3 Kf8 29. Ra7 Rf6 30. Ra8+ Ke7 31. Ra7+ Kf8 32. Rc7 h6 33. Rc5 Rf5 34. Ra5 Rf1 35. Rxa6 Rh1 36. h3 Rg1 37. Kf2 Rc1 38. Rc6 Ke7 39. a4 Kd7 40. Rc5 Kd6 41. b4 Rb1 42. c3 Ra1 43. a5 g6 44. c4 Rb1 45. Rd5+ Ke6 46. b5 Rb4 47. Rc5 Kd6 48. Rc6+ Kd7 49. a6 Ra4 50. c5 e4 51. Rb6 Kc7 52. Rb7+ Kc8 53. c6 h5 54. a7 1-0